Evidence in International Arbitration Proceedings / The International Association of Young Lawyers (Record no. 2883)
[ view plain ]
| 000 -LEADER | |
|---|---|
| fixed length control field | 01282cam a22002054a 4500 |
| 005 - ΗΜΕΡΟΜΗΝΙΑ ΚΑΙ ΩΡΑ ΤΕΛΕΥΤΑΙΑΣ ΕΝΗΜΕΡΩΣΗΣ | |
| Πεδίο ελέγχου | 20250605164056.0 |
| 008 - FIXED-LENGTH DATA ELEMENTS--GENERAL INFORMATION | |
| Πεδίο ελέγχου σταθερού μήκους | 250528s ||||||||||||||||||||||||d |
| 035 ## - SYSTEM CONTROL NUMBER | |
| System control number | 17473 |
| 020 ## - ISBN | |
| ISBN | 1853339644 |
| 040 ## - ΠΗΓΗ ΚΑΤΑΛΟΓΟΓΡΑΦΗΣΗΣ | |
| Φορέας πρωτότυπης καταλογογράφησης | MC Athens Campus Library |
| Γλώσσα καταλογογράφησης | Ελληνικά, Μοντέρνα (1453-) |
| Modifying agency | MC Athens Campus Library |
| Κανόνες περιγραφικής καταλογογράφησης | AACR2 |
| 245 1# - ΤΙΤΛΟΣ ΚΑΙ ΔΗΛΩΣΗ ΥΠΕΥΘΥΝΟΤΗΤΑΣ | |
| Τίτλος | Evidence in International Arbitration Proceedings / The International Association of Young Lawyers |
| 260 ## - PUBLICATION, DISTRIBUTION, ETC. | |
| Date of publication, distribution, etc. | 1994 |
| 300 ## - PHYSICAL DESCRIPTION | |
| Extent | 314 |
| 520 ## - SUMMARY, ETC. | |
| Summary, etc. | The book contains a detailed analysis of the legal rules pertaining to the taking of evidence in both civil and common law systems, and highly practical contributions relating to deposition skills. Preface, General Reports, General Synthesis Report, Overview: The Common Law Systems, The Administration of Evidence in Countries of Civil Law, How to Defend a US-Style Deposition, Common Outline of National Reports, Detailed Questionnaire for the National Reports, National Reports, Austria, Belgium, Brazil, Denmark, England and Wales, Finland, France, Germany, Republic of Ireland, Italy, Luxembourg, Mexico, The Netherlands, Peru, Scotland, Spain, Sweden, Switzerland, Tunisia, United States, Uruguay, Index. |
| 700 1# - ΠΡΟΣΘΕΤΗ ΑΝΑΓΡΑΦΗ--ΦΥΣΙΚΟ ΠΡΟΣΩΠΟ | |
| Personal name | Eijsvoogel Peter V |
| 9 (RLIN) | 3608 |
| 700 1# - ΠΡΟΣΘΕΤΗ ΑΝΑΓΡΑΦΗ--ΦΥΣΙΚΟ ΠΡΟΣΩΠΟ | |
| Personal name | Graham & Trotman / Martinus Nijhoff |
| 9 (RLIN) | 3609 |
| 942 ## - ADDED ENTRY ELEMENTS (KOHA) | |
| Koha item type | Books |
| Τύπος τεκμηρίου | Βιβλιοθήκη | Τρέχουσα τοποθεσία | Barcode | Αριθμός εισαγωγής | Ημερομηνία απόκτησης | Ταξιθετικό σύμβολο | Αριθμός αντιτύπου | Κατάσταση απόσυρσης | Κατάσταση χαμένου | Κατάσταση κατεστραμμένου | Μη δανεισμός | Σύνολο δανεισμών | Ημερομηνία τελευταίας εμφάνισης | Η τιμή ισχύει από |
|---|---|---|---|---|---|---|---|---|---|---|---|---|---|---|
| Books | MC Athens Campus Library | MC Athens Campus Library | 9780000028822 | 5723 | 05/06/2025 | 341.5/22 EIJ | 1 | 05/06/2025 | 05/06/2025 |